000 01606nam a2200457 i 4500
001 27590
003 KOSZ 005
005 20210108081403.0
008 020201s1977 pl a f |001 0 pol
015 _aUWD 1977/6330
035 _a991017657539705066
035 _a(PL-WaBN)b14776686-48omnis_nlop
035 _ab14776686
035 _a(OCoLC)749556157
035 _a(PL)b0000001477668
035 _a(EXLNZ-48OMNIS_NETWORK)9910135946905606
040 _aWA N
_cWA N
_dKOSZ 005/EG
041 1 _apol
_heng
080 _a665
080 _a621.791/.792
245 1 0 _aKleje i klejenie :
_bporadnik inżyniera i technika /
_cpod red. Charles V. Cagle'a ; tł. z ang. [Zbigniew Dobkowski et al.].
246 1 _iTyt. oryg.:
_aHandbook of adhesie bonding,
_f1973
260 _aWarszawa :
_bWydawnictwa Naukowo-Techniczne,
_c1977.
300 _a826, [1] s. :
_bil., tab., wykr. ;
_c22 cm.
336 _aTekst
_btxt
_2rdacontent
337 _aBez urządzenia pośredniczącego
_bn
_2rdamedia
338 _aWolumin
_bnc
_2rdacarrier
380 _aKsiążki
388 _a1901-2000
388 _a1945-1989
504 _aBibliogr. przy rozdz. - Indeks.
650 7 _aKlej
_2DBN
650 7 _aKlejenie
_2DBN
658 _aInżynieria i technika
700 1 _aCagle, Charles V.
_eRedakcja
700 1 _aDobkowski, Zbigniew
_d(1937-2009)
_eTłumaczenie
710 2 _aWydawnictwa Naukowo-Techniczne
_4pbl
856 _uhttp://koha.tu.koszalin.pl/cgi-bin/koha/opac-detail.pl?biblionumber=27590
_yKatalog online BPK
942 _2UKD
_cKS
999 _c27590
_d27590